[Event "Toronto Candidates Blitz op"]
[Site "Toronto"]
[Date "2024.04.08"]
[Round "4"]
[White "Roussel Roozmon, Thomas"]
[Black "Siddeley, Hugh"]
[Result "1-0"]
[WhiteElo "2457"]
[BlackElo "1900"]
[PlyCount "41"]
[EventDate "2024.04.08"]
[EventType "swiss (blitz)"]
[EventRounds "9"]
[EventCountry "CAN"]
[SourceTitle "CB16_2024"]
[SourceDate "2024.04.17"]
[SourceVersion "1"]
[SourceVersionDate "2024.04.17"]
[SourceQuality "1"]

1. d4 Nf6 2. c4 e6 3. Nf3 d5 4. Nc3 dxc4 5. e3 a6 6. a4 c5 7. Bxc4 Nc6 8. 0-0 Be7 9. Qe2 cxd4 10. Rd1 Qc7 11. exd4 0-0 12. Bg5 Rd8 13. Rac1 h6 14. Bh4 Qa5 15. Bb3 Nb4 16. Ne5 b6 17. Ne4 Bb7 18. Nxf6+ Bxf6 19. Bxf6 gxf6 20. Nxf7 Kxf7 21. Rc7+ 1-0

[Event "CAN Transnational Classic"]
[Site "Montreal"]
[Date "2023.06.08"]
[Round "3"]
[White "Roussel Roozmon, Thomas"]
[Black "Moradiabadi, Elshan"]
[Result "1/2-1/2"]
[WhiteElo "2462"]
[BlackElo "2520"]
[PlyCount "52"]
[EventDate "2023.06.06"]
[EventType "swiss"]
[EventRounds "9"]
[EventCountry "CAN"]
[SourceTitle "CBM 214 Extra"]
[Source "ChessBase"]
[SourceDate "2023.07.31"]
[SourceVersion "1"]
[SourceVersionDate "2023.07.31"]
[SourceQuality "1"]

1. d4 Nf6 2. c4 e6 3. Nc3 Bb4 4. e3 0-0 5. Bd2 b6 6. Nf3 Bb7 7. Bd3 Bxc3 8. Bxc3 Ne4 9. Rc1 d6 10. 0-0 Nxc3 11. Rxc3 Nd7 12. Nd2 f5 13. f4 Qf6 14. Qe1 c5 15. Qf2 g6 16. Be2 e5 17. dxe5 dxe5 18. Bf3 e4 19. Be2 Rad8 20. Rc2 Nb8 21. Nb1 Nc6 22. a3 Nd4 23. Rd2 Nb3 24. Rxd8 Rxd8 25. Rd1 Ba6 26. Qe1 Rxd1 1/2-1/2

[Event "Montreal Pere Noel op"]
[Site "Montreal"]
[Date "2022.12.29"]
[Round "4"]
[White "Roussel Roozmon, Thomas"]
[Black "Zhong, Kevin"]
[Result "1-0"]
[WhiteElo "2461"]
[BlackElo "2120"]
[PlyCount "63"]
[EventDate "2022.12.27"]
[EventType "swiss"]
[EventRounds "5"]
[EventCountry "CAN"]
[SourceTitle "CBM 211 Extra"]
[Source "ChessBase"]
[SourceDate "2023.01.31"]
[SourceVersion "1"]
[SourceVersionDate "2023.01.31"]
[SourceQuality "1"]

1. e4 c5 2. Nf3 Nc6 3. Bb5 g6 4. Bxc6 dxc6 5. d3 Bg7 6. h3 e5 7. Be3 b6 8. Nc3 Ne7 9. Qd2 h6 10. a4 a5 11. Qe2 Be6 12. Nd2 Qc7 13. Nc4 f5 14. exf5 gxf5 15. 0-0 0-0-0 16. Rae1 Rhg8 17. Kh1 Bxc4 18. dxc4 e4 19. Qh5 Bd4 20. Ne2 Be5 21. Rd1 Rdf8 22. f4 exf3 23. Qxf3 Ng6 24. Nf4 Nh4 25. Qf2 Qe7 26. Rde1 Qg5 27. Re2 Bxf4 28. Bxf4 Qh5 29. Rg1 Rf6 30. Re7 Ng6 31. Rc7+ Kb8 32. Rg7+ 1-0

[Event "Montreal Pere Noel op"]
[Site "Montreal"]
[Date "2022.12.28"]
[Round "3"]
[White "Voskanyan, Vahagn"]
[Black "Roussel Roozmon, Thomas"]
[Result "0-1"]
[WhiteElo "2181"]
[BlackElo "2461"]
[PlyCount "48"]
[EventDate "2022.12.27"]
[EventType "swiss"]
[EventRounds "5"]
[EventCountry "CAN"]
[SourceTitle "CBM 211 Extra"]
[Source "ChessBase"]
[SourceDate "2023.01.31"]
[SourceVersion "1"]
[SourceVersionDate "2023.01.31"]
[SourceQuality "1"]

1. c4 e5 2. Nc3 Bb4 3. g3 Bxc3 4. dxc3 d6 5. Bg2 f5 6. Be3 Qe7 7. Qd2 Nf6 8. Bg5 Nbd7 9. 0-0-0 a5 10. Qc2 Nc5 11. Be3 0-0 12. Bxc5 dxc5 13. a4 c6 14. Bh3 Ne4 15. e3 Be6 16. Bf1 Rad8 17. Nf3 Rxd1+ 18. Kxd1 Rd8+ 19. Ke1 Bf7 20. h3 Bg6 21. Rg1 f4 22. Nh4 fxg3 23. Nxg6 gxf2+ 24. Qxf2 hxg6 0-1

[Event "Montreal Pere Noel op"]
[Site "Montreal"]
[Date "2022.12.27"]
[Round "2"]
[White "Roussel Roozmon, Thomas"]
[Black "Sekki, Abderaouf"]
[Result "1-0"]
[WhiteElo "2461"]
[BlackElo "1783"]
[PlyCount "57"]
[EventDate "2022.12.27"]
[EventType "swiss"]
[EventRounds "5"]
[EventCountry "CAN"]
[SourceTitle "CBM 211 Extra"]
[Source "ChessBase"]
[SourceDate "2023.01.31"]
[SourceVersion "1"]
[SourceVersionDate "2023.01.31"]
[SourceQuality "1"]

1. d4 f5 2. g3 Nf6 3. Bg2 e6 4. Nf3 Be7 5. 0-0 0-0 6. c4 Ne4 7. Nbd2 d5 8. b3 c5 9. e3 Nc6 10. Bb2 Bf6 11. cxd5 exd5 12. Ne5 Qe8 13. Ndf3 cxd4 14. Nxc6 Nxf2 15. Rxf2 dxe3 16. Re2 Bxb2 17. Rxb2 bxc6 18. Qd4 Rf6 19. Re1 Re6 20. Ng5 Re5 21. Rbe2 h6 22. Rxe3 Rxe3 23. Rxe3 Qg6 24. Bxd5+ Kh8 25. Nf7+ Kh7 26. Ne5 Qg5 27. Bxc6 Rb8 28. Nf3 Qg6 29. Be8 1-0

[Event "Quebec-ch"]
[Site "Montreal"]
[Date "2021.11.25"]
[Round "1.2"]
[White "Roussel Roozmon, Thomas"]
[Black "Zhong, Kevin"]
[Result "1-0"]
[WhiteElo "2461"]
[BlackElo "2148"]
[PlyCount "119"]
[EventDate "2021.11.25"]
[EventType "k.o."]
[EventRounds "3"]
[EventCountry "CAN"]
[SourceTitle "EXT 2023"]
[Source "ChessBase"]
[SourceDate "2022.10.05"]
[SourceVersion "1"]
[SourceVersionDate "2022.10.05"]
[SourceQuality "1"]

1. Nf3 d5 2. g3 Bg4 3. Bg2 Nd7 4. 0-0 Ngf6 5. d3 e5 6. h3 Bh5 7. c4 dxc4 8. dxc4 c6 9. Nc3 Be7 10. Nh4 0-0 11. Qc2 Ne8 12. Nf5 Bg6 13. Nxe7+ Qxe7 14. Qb3 Nd6 15. Qa3 Rfe8 16. b3 Nf5 17. Qxe7 Rxe7 18. Ba3 Ree8 19. Rad1 Rad8 20. Rd2 Nd4 21. e3 Ne6 22. Rfd1 Nf6 23. f4 exf4 24. exf4 Rxd2 25. Rxd2 Rd8 26. Rxd8+ Nxd8 27. g4 Bc2 28. f5 c5 29. Bxc5 Nc6 30. Kf2 h5 31. Kg3 g6 32. fxg6 fxg6 33. g5 Nd7 34. Be3 Nde5 35. Nb5 Bb1 36. Nc3 Bc2 37. Kf2 Kf7 38. Ke2 Ke6 39. Kd2 Bf5 40. Bd5+ Kd7 41. h4 b6 42. c5 bxc5 43. Bxc5 a5 44. Bf2 Nb4 45. Bg2 Nbc6 46. Bg3 Nd3 47. Ne4 Nde5 48. Nc5+ Kc8 49. a3 Nd7 50. Ne4 Nd4 51. Nd6+ Kd8 52. Nb7+ Ke7 53. Nxa5 Nc5 54. b4 Ne4+ 55. Bxe4 Bxe4 56. Ke3 Nf5+ 57. Kxe4 Nxg3+ 58. Kf4 Nf5 59. Nc4 Nxh4 60. Ne3 1-0

[Event "Quebec-ch"]
[Site "Montreal"]
[Date "2021.11.25"]
[Round "1.1"]
[White "Zhong, Kevin"]
[Black "Roussel Roozmon, Thomas"]
[Result "1/2-1/2"]
[WhiteElo "2148"]
[BlackElo "2461"]
[PlyCount "112"]
[EventDate "2021.11.25"]
[EventType "k.o."]
[EventRounds "3"]
[EventCountry "CAN"]
[SourceTitle "EXT 2023"]
[Source "ChessBase"]
[SourceDate "2022.10.05"]
[SourceVersion "1"]
[SourceVersionDate "2022.10.05"]
[SourceQuality "1"]

1. e4 e6 2. Nf3 d5 3. Nc3 d4 4. Ne2 c5 5. c3 Nf6 6. e5 Nfd7 7. cxd4 cxd4 8. Nexd4 Nxe5 9. Bb5+ Nec6 10. 0-0 Be7 11. Nxc6 Nxc6 12. Ne5 Bd7 13. Bxc6 Bxc6 14. Nxc6 bxc6 15. d4 0-0 16. Be3 Qd5 17. Qa4 Rfb8 18. b3 Rb4 19. Qa6 Rb6 20. Qa4 Rb4 21. Qa6 Qb5 22. Qxb5 Rxb5 23. Rac1 Rc8 24. Rc4 Ra5 25. Rc2 Kf8 26. Rfc1 Ra6 27. Kf1 Ke8 28. Ke2 Kd7 29. Kd3 h5 30. f4 Ba3 31. Rf1 g6 32. Rc4 Rb8 33. Rf2 Rb5 34. Rfc2 Bd6 35. Bd2 Rd5 36. Ke4 Rb5 37. Kd3 Rd5 38. Ke4 Rf5 39. a4 Rb6 40. b4 Rd5 41. a5 Rb7 42. Rxc6 Rdb5 43. R2c4 Bxb4 44. a6 Bxd2 45. axb7 Rxb7 46. Ra6 Bb4 47. Ke5 Ke7 48. Rc2 Bd6+ 49. Ke4 Bc7 50. h3 Bb6 51. g4 hxg4 52. hxg4 Rd7 53. Ra4 f5+ 54. gxf5 gxf5+ 55. Kd3 Rd5 56. Re2 Kf6 1/2-1/2

[Event "New York GM-A"]
[Site "New York"]
[Date "2021.11.14"]
[Round "9"]
[White "Khamrakulov, Djurabek"]
[Black "Roussel Roozmon, Thomas"]
[Result "1-0"]
[WhiteElo "2512"]
[BlackElo "2471"]
[PlyCount "91"]
[EventDate "2021.11.10"]
[EventType "tourn"]
[EventRounds "9"]
[EventCountry "USA"]
[EventCategory "8"]
[SourceTitle "CBM 205 Extra"]
[Source "ChessBase"]
[SourceDate "2022.01.31"]
[SourceVersion "1"]
[SourceVersionDate "2022.01.31"]
[SourceQuality "1"]

1. e4 e5 2. Nf3 Nc6 3. d4 exd4 4. Nxd4 Nf6 5. Nxc6 bxc6 6. e5 Qe7 7. Qe2 Nd5 8. c4 Nb6 9. b3 Qe6 10. g3 a5 11. h4 Bb4+ 12. Bd2 0-0 13. Bh3 Qe7 14. 0-0 d6 15. Bg2 Bd7 16. Rc1 Rfe8 17. Qd3 dxe5 18. a3 Bc5 19. Bc3 Qd6 20. Qc2 f5 21. b4 axb4 22. axb4 Bxb4 23. Rxa8 Rxa8 24. Rd1 Qc5 25. Bxb4 Qxb4 26. c5 Be6 27. cxb6 Qxb6 28. Qxc6 Qxc6 29. Bxc6 Ra1 30. Nc3 Rxd1+ 31. Nxd1 Kf7 32. Nc3 Ke7 33. Kf1 Kd6 34. Be8 c5 35. Ke2 c4 36. Na4 f4 37. Kd2 Kd5 38. Nc3+ Kd6 39. Ne2 fxg3 40. Nxg3 Kd5 41. Kc3 g6 42. Bb5 Kc5 43. Ba6 Bd5 44. Nf1 h6 45. Ne3 Be6 46. Nxc4 1-0

[Event "New York GM-A"]
[Site "New York"]
[Date "2021.11.12"]
[Round "4"]
[White "Liang, Jason"]
[Black "Roussel Roozmon, Thomas"]
[Result "1-0"]
[WhiteElo "2408"]
[BlackElo "2471"]
[PlyCount "117"]
[EventDate "2021.11.10"]
[EventType "tourn"]
[EventRounds "9"]
[EventCountry "USA"]
[EventCategory "8"]
[SourceTitle "CBM 205 Extra"]
[Source "ChessBase"]
[SourceDate "2022.01.31"]
[SourceVersion "1"]
[SourceVersionDate "2022.01.31"]
[SourceQuality "1"]

1. e4 e5 2. Nf3 Nc6 3. Bc4 Bc5 4. c3 Nf6 5. d3 d6 6. Nbd2 a5 7. 0-0 0-0 8. h3 h6 9. Re1 Be6 10. Bb5 Qb8 11. Bxc6 bxc6 12. d4 exd4 13. cxd4 Bb4 14. a3 Bxd2 15. Qxd2 Qb5 16. a4 Qh5 17. Ra3 Rfb8 18. Qc2 Bd7 19. Rae3 Re8 20. Nd2 Qg6 21. Qd1 Re7 22. b3 Rae8 23. Qf3 Nh7 24. Kh2 Ng5 25. Qg3 Ne6 26. Bb2 Qxg3+ 27. Kxg3 Ng5 28. Bc3 Ra8 29. Nc4 d5 30. exd5 Rxe3+ 31. Rxe3 cxd5 32. Ne5 Be8 33. f3 Ne6 34. Nd3 Bc6 35. Nf4 Nxf4 36. Kxf4 Ra7 37. h4 Bd7 38. Bd2 Be6 39. g4 Kf8 40. Rc3 Rb7 41. Ke3 Ke8 42. Kd3 Kd7 43. Kc2 f5 44. g5 hxg5 45. hxg5 f4 46. Bxf4 Bf5+ 47. Kb2 c6 48. Rc5 Bd3 49. Kc3 Be2 50. Rxa5 Bxf3 51. b4 Be2 52. Ra8 Bc4 53. a5 Ke6 54. a6 Rf7 55. a7 Kf5 56. Bc7 Kg4 57. Re8 Rf3+ 58. Kd2 Rf2+ 59. Kd1 1-0

[Event "New York GM-A"]
[Site "New York"]
[Date "2021.11.12"]
[Round "5"]
[White "Roussel Roozmon, Thomas"]
[Black "Stremavicius, Titas"]
[Result "0-1"]
[WhiteElo "2471"]
[BlackElo "2500"]
[PlyCount "134"]
[EventDate "2021.11.10"]
[EventType "tourn"]
[EventRounds "9"]
[EventCountry "USA"]
[EventCategory "8"]
[SourceTitle "CBM 205 Extra"]
[Source "ChessBase"]
[SourceDate "2022.01.31"]
[SourceVersion "1"]
[SourceVersionDate "2022.01.31"]
[SourceQuality "1"]

1. Nf3 d5 2. g3 Nf6 3. Bg2 e6 4. 0-0 b5 5. a4 b4 6. c4 bxc3 7. bxc3 Be7 8. c4 c6 9. d3 0-0 10. Bf4 Ba6 11. Qc2 Bd6 12. Bxd6 Qxd6 13. cxd5 cxd5 14. Rc1 h6 15. Qc7 Qxc7 16. Rxc7 Rc8 17. Rxc8+ Bxc8 18. Nd4 Bd7 19. Nc3 Nc6 20. Nxc6 Bxc6 21. e4 Rb8 22. exd5 exd5 23. a5 Kf8 24. Nd1 Ke7 25. Ne3 g6 26. Kf1 Rb3 27. Ke2 Bb5 28. Rd1 Kd6 29. h4 Ne4 30. Nxd5 Rb2+ 31. Ke3 Nxf2 32. Rd2 Rxd2 33. Kxd2 Nxd3 34. Nc3 Bc4 35. Ne4+ Ke5 36. Kc3 Ba6 37. Nd2 Nc5 38. Nc4+ Kf5 39. Bh3+ Kf6 40. Bg2 Ne6 41. Bd5 h5 42. Kb4 Nd4 43. Nd6 Ne2 44. Nxf7 Nxg3 45. Nd8 Ke7 46. Ne6 Kd6 47. Bb3 Nf5 48. Nf4 Nxh4 49. Bd1 Ke5 50. Nxh5 gxh5 51. Bxh5 Kd4 52. Be8 Nf5 53. Bb5 Bc8 54. Be2 Nd6 55. Bf1 Bd7 56. Be2 Ne4 57. Bf1 Nc3 58. Bc4 Bc6 59. Be6 Ne4 60. Bc4 Bd5 61. Bf1 Nc3 62. Bh3 Bc4 63. Bg2 Na2+ 64. Ka3 Kc3 65. Bf1 Nb4 66. Bg2 Nc2+ 67. Ka4 a6 0-1

[Event "New York GM-A"]
[Site "New York"]
[Date "2021.11.11"]
[Round "2"]
[White "Yudasin, Leonid"]
[Black "Roussel Roozmon, Thomas"]
[Result "1/2-1/2"]
[WhiteElo "2464"]
[BlackElo "2471"]
[PlyCount "40"]
[EventDate "2021.11.10"]
[EventType "tourn"]
[EventRounds "9"]
[EventCountry "USA"]
[EventCategory "8"]
[SourceTitle "CBM 205 Extra"]
[Source "ChessBase"]
[SourceDate "2022.01.31"]
[SourceVersion "1"]
[SourceVersionDate "2022.01.31"]
[SourceQuality "1"]

1. e4 e5 2. Nf3 Nc6 3. Bb5 a6 4. Ba4 Nf6 5. d3 b5 6. Bb3 Bc5 7. 0-0 d6 8. c3 h6 9. a4 Rb8 10. axb5 axb5 11. d4 Bb6 12. dxe5 Nxe5 13. Nxe5 dxe5 14. Qe2 0-0 15. Be3 Qe7 16. Nd2 Bxe3 17. Qxe3 c5 18. f3 c4 19. Bc2 Be6 20. b3 cxb3 1/2-1/2

[Event "Charlotte CCCSA Labor Day GM-B"]
[Site "Charlotte"]
[Date "2021.09.05"]
[Round "7"]
[White "Rozman, Levy"]
[Black "Roussel Roozmon, Thomas"]
[Result "1/2-1/2"]
[WhiteElo "2353"]
[BlackElo "2462"]
[PlyCount "77"]
[EventDate "2021.09.02"]
[EventType "tourn"]
[EventRounds "9"]
[EventCountry "USA"]
[EventCategory "9"]
[SourceTitle "CBM 204 Extra"]
[Source "ChessBase"]
[SourceDate "2021.11.30"]
[SourceVersion "1"]
[SourceVersionDate "2021.11.30"]
[SourceQuality "1"]

1. c4 e5 2. g3 c6 3. Nf3 e4 4. Nd4 d5 5. cxd5 Qxd5 6. Nc2 Nf6 7. Nc3 Qe5 8. Bg2 Be7 9. b4 0-0 10. Bb2 Re8 11. 0-0 Bf8 12. a3 Qh5 13. Ne3 Bh3 14. f3 exf3 15. Rxf3 Bxg2 16. Kxg2 Ng4 17. Nxg4 Qxg4 18. Qf1 Qg6 19. d3 Nd7 20. Ne4 a5 21. Rf5 axb4 22. axb4 Rxa1 23. Bxa1 Qe6 24. b5 c5 25. Qf3 c4 26. Bd4 f6 27. g4 cxd3 28. exd3 Bd6 29. g5 fxg5 30. Rxg5 Re7 31. Rf5 h6 32. Nxd6 Qxd6 33. Qd5+ Qxd5+ 34. Rxd5 Kf7 35. Rd6 Nf8 36. b6 Rd7 37. Rxd7+ Nxd7 38. Kf3 g6 39. Be3 1/2-1/2

[Event "Charlotte CCCSA Labor Day GM-B"]
[Site "Charlotte"]
[Date "2021.09.03"]
[Round "2"]
[White "Korley, Kassa"]
[Black "Roussel Roozmon, Thomas"]
[Result "1/2-1/2"]
[WhiteElo "2411"]
[BlackElo "2462"]
[PlyCount "107"]
[EventDate "2021.09.02"]
[EventType "tourn"]
[EventRounds "9"]
[EventCountry "USA"]
[EventCategory "9"]
[SourceTitle "CBM 204 Extra"]
[Source "ChessBase"]
[SourceDate "2021.11.30"]
[SourceVersion "1"]
[SourceVersionDate "2021.11.30"]
[SourceQuality "1"]

1. d4 Nf6 2. c4 e6 3. Nc3 Bb4 4. Qc2 b6 5. a3 Bxc3+ 6. Qxc3 Bb7 7. Nf3 d6 8. e3 Nbd7 9. Be2 0-0 10. 0-0 c5 11. b3 Rc8 12. Bb2 cxd4 13. exd4 b5 14. Rac1 Nb6 15. c5 Nbd5 16. Qc2 Nf4 17. Rfd1 Qd7 18. b4 Bd5 19. Qd2 Nxe2+ 20. Qxe2 Qb7 21. Rc3 Rfd8 22. h3 h6 23. Ne1 Bc4 24. Qc2 Qe4 25. Qxe4 Nxe4 26. Re3 Nf6 27. Rc1 Nd5 28. Rf3 g5 29. Kh2 f5 30. Nc2 Kf7 31. Re1 Nf4 32. Bc1 Bd5 33. Rxf4 gxf4 34. Bxf4 dxc5 35. dxc5 Be4 36. Ne3 Rd3 37. a4 a6 38. axb5 axb5 39. Ng4 fxg4 40. Rxe4 gxh3 41. g3 Rf3 42. Be3 h5 43. Kxh3 Rf5 44. Kh4 e5 45. f4 exf4 46. Bxf4 Re8 47. Rd4 Re2 48. Kh3 Rb2 49. c6 Rc2 50. c7 Kg6 51. Rd6+ Rf6 52. Rd5 Rf5 53. Rd6+ Rf6 54. Rd5 1/2-1/2

[Event "Gibraltar Masters 18th"]
[Site "Caleta"]
[Date "2020.01.23"]
[Round "3"]
[White "Roussel Roozmon, Thomas"]
[Black "Vidic, Teja"]
[Result "1-0"]
[WhiteElo "2473"]
[BlackElo "2252"]
[PlyCount "193"]
[EventDate "2020.01.21"]
[EventType "swiss"]
[EventRounds "10"]
[EventCountry "GGB"]
[SourceTitle "CBM 194 Extra"]
[Source "ChessBase"]
[SourceDate "2020.03.31"]
[SourceVersion "1"]
[SourceVersionDate "2020.03.31"]
[SourceQuality "1"]

1. d4 d5 2. c4 c6 3. Nf3 Nf6 4. e3 Bg4 5. h3 Bh5 6. cxd5 Bxf3 7. Qxf3 cxd5 8. Nc3 e6 9. Bd2 Nc6 10. Bd3 Bd6 11. 0-0 0-0 12. Rfc1 a6 13. Qd1 e5 14. dxe5 Nxe5 15. Bf1 Qe7 16. Be1 Qe6 17. Ne2 Ng6 18. Nd4 Qe5 19. Nf3 Qe7 20. Qb3 Rad8 21. Rd1 Rfe8 22. Rac1 Bb8 23. Rc2 Rd7 24. Bc3 Ne5 25. Bxe5 Bxe5 26. Rcd2 Bb8 27. g3 h5 28. Bg2 Red8 29. Rd3 g6 30. h4 Ba7 31. Qc3 Ne4 32. Qe5 Qc5 33. Ng5 Nxg5 34. hxg5 d4 35. Qxc5 Bxc5 36. e4 Be7 37. f4 Rc7 38. e5 b5 39. Be4 Rdc8 40. Kg2 Bc5 41. Rc1 Bb6 42. Rxc7 Rxc7 43. Rd1 Kf8 44. Kf3 Ke7 45. a3 a5 46. Bd3 b4 47. axb4 axb4 48. Ke4 b3 49. Rf1 Rc5 50. Ra1 Ra5 51. Rc1 Rc5 52. Ra1 Ra5 53. Rc1 Rc5 54. Bc4 Rc7 55. Kd3 Kf8 56. Rb1 Rb7 57. Bd5 Rb8 58. Ra1 Bc5 59. Ra5 Bb4 60. Ra7 Be7 61. Rc7 Rb4 62. Bc4 Ra4 63. Rb7 Rb4 64. Ra7 Rb8 65. Kxd4 Rd8+ 66. Bd5 Rc8 67. Rb7 Rc2 68. Rb8+ Kg7 69. Rxb3 Rf2 70. Ke4 Re2+ 71. Kf3 Rd2 72. Rb5 Rd3+ 73. Kg2 Rd4 74. Kh3 Rb4 75. Rxb4 Bxb4 76. g4 hxg4+ 77. Kxg4 Be1 78. f5 gxf5+ 79. Kxf5 Bd2 80. e6 fxe6+ 81. Bxe6 Bb4 82. Bc4 Bf8 83. g6 Bb4 84. Bd3 Bf8 85. Ke6 Bb4 86. Kd5 Bf8 87. Kc4 Kf6 88. b4 Ke5 89. b5 Kd6 90. Be4 Kc7 91. Kd5 Kb6 92. Bd3 Kc7 93. Ke6 Bg7 94. Kf7 Bd4 95. g7 Bxg7 96. Kxg7 Kb6 97. Kf6 1-0

[Event "CAN-ch International"]
[Site "Longueuil"]
[Date "2019.10.12"]
[Round "2"]
[White "Cazelais, Marc"]
[Black "Roussel Roozmon, Thomas"]
[Result "0-1"]
[WhiteElo "2145"]
[BlackElo "2498"]
[PlyCount "52"]
[EventDate "2019.10.11"]
[EventType "swiss"]
[EventRounds "5"]
[EventCountry "CAN"]
[SourceTitle "CBM 192 Extra"]
[Source "Chessbase"]
[SourceDate "2019.11.06"]
[SourceVersion "1"]
[SourceVersionDate "2019.11.06"]
[SourceQuality "1"]

1. e4 c5 2. c3 Nf6 3. e5 Nd5 4. d4 cxd4 5. Nf3 e6 6. cxd4 d6 7. a3 Bd7 8. Bd3 Bc6 9. 0-0 Nd7 10. Qe2 Be7 11. Bd2 dxe5 12. dxe5 Nc5 13. Bc4 Nb6 14. Ba5 0-0 15. Nc3 Bxf3 16. Qxf3 Qd4 17. Bxb6 Qxc4 18. Bxc5 Qxc5 19. Qe4 Qb6 20. b4 Rac8 21. Ne2 Qa6 22. Rfc1 Rxc1+ 23. Nxc1 Rd8 24. h3 Rd1+ 25. Kh2 Qf1 26. Qxb7 Qxf2 0-1

[Event "Quebec op"]
[Site "Longueuil"]
[Date "2019.07.26"]
[Round "8"]
[White "Roussel Roozmon, Thomas"]
[Black "Vera Gonzalez Quevedo, Reynaldo"]
[Result "1/2-1/2"]
[WhiteElo "2463"]
[BlackElo "2424"]
[PlyCount "50"]
[EventDate "2019.07.20"]
[EventType "swiss"]
[EventRounds "9"]
[EventCountry "CAN"]
[SourceTitle "CBM 191 Extra"]
[Source "ChessBase"]
[SourceDate "2019.09.30"]
[SourceVersion "1"]
[SourceVersionDate "2019.09.30"]
[SourceQuality "1"]

1. d4 Nf6 2. c4 e6 3. g3 c5 4. d5 exd5 5. cxd5 d6 6. Nc3 g6 7. Bg2 Bg7 8. Nf3 0-0 9. 0-0 a6 10. a4 Re8 11. Bf4 h6 12. Qc1 g5 13. Bd2 Bf5 14. h4 g4 15. Nh2 Kh7 16. Re1 Nbd7 17. Nf1 Ne5 18. Ne3 Bg6 19. b3 Rc8 20. a5 Rc7 21. Na4 Nh5 22. Nb6 f5 23. Ra4 Rf7 24. Nf1 Ref8 25. Bf4 Nxf4 1/2-1/2

[Event "Montreal Pere Noel op"]
[Site "Montreal"]
[Date "2016.12.30"]
[Round "5"]
[White "Rodrigue Lemieux, Shawn"]
[Black "Roussel Roozmon, Thomas"]
[Result "1/2-1/2"]
[WhiteElo "2035"]
[BlackElo "2463"]
[PlyCount "110"]
[EventDate "2016.12.26"]
[EventType "swiss"]
[EventRounds "5"]
[EventCountry "CAN"]
[SourceTitle "CBM 176 Extra"]
[Source "ChessBase"]
[SourceDate "2017.03.02"]
[SourceVersion "1"]
[SourceVersionDate "2017.03.02"]
[SourceQuality "1"]

1. e4 g6 2. Nc3 Bg7 3. Bc4 b6 4. d3 Bb7 5. Nf3 e6 6. 0-0 Ne7 7. Bf4 d6 8. Qd2 h6 9. Bb3 Nd7 10. d4 a6 11. a4 Nf6 12. Rfe1 g5 13. Bg3 Nh5 14. Qd3 Ng6 15. Ne2 0-0 16. Rad1 Qd7 17. c3 Kh8 18. Nd2 f5 19. f3 Rae8 20. Nf1 Qf7 21. exf5 Qxf5 22. Qxf5 exf5 23. Bf2 Ne7 24. Neg3 Nf6 25. Be6 f4 26. Nf5 Nxf5 27. Bxf5 Bc6 28. Bc2 Kg8 29. Nd2 Rxe1+ 30. Rxe1 Re8 31. Rxe8+ Bxe8 32. Ne4 Nxe4 33. fxe4 Bg6 34. Bb3+ Kf8 35. Bd5 Ke7 36. Bc6 Be8 37. Bxe8 Kxe8 38. Kf1 c6 39. Ke2 Kf7 40. g3 fxg3 41. Bxg3 Ke6 42. Ke3 b5 43. axb5 axb5 44. b3 d5 45. exd5+ cxd5 46. Kd3 h5 47. Be1 Bf8 48. c4 bxc4+ 49. bxc4 Bd6 50. cxd5+ Kxd5 51. h3 Bf4 52. Bf2 g4 53. hxg4 hxg4 54. Be1 g3 55. Bxg3 Bxg3 1/2-1/2

[Event "Montreal Varennes op"]
[Site "Montreal"]
[Date "2016.10.07"]
[Round "1"]
[White "Ouellet, Maili Jade"]
[Black "Roussel Roozmon, Thomas"]
[Result "0-1"]
[WhiteElo "2004"]
[BlackElo "2466"]
[PlyCount "110"]
[EventDate "2016.10.07"]
[EventType "swiss"]
[EventRounds "5"]
[EventCountry "CAN"]
[SourceTitle "CBM 175 Extra"]
[Source "ChessBase"]
[SourceDate "2016.12.12"]
[SourceVersion "1"]
[SourceVersionDate "2016.12.12"]
[SourceQuality "1"]

1. d4 Nf6 2. c4 e6 3. Nc3 Bb4 4. Qc2 d5 5. a3 Bxc3+ 6. Qxc3 c5 7. dxc5 d4 8. Qc2 e5 9. Bg5 h6 10. Bh4 a5 11. Nf3 Qe7 12. h3 Qxc5 13. g4 Be6 14. Bg2 Nbd7 15. Nd2 Rb8 16. Rb1 g5 17. Bg3 h5 18. gxh5 b6 19. b4 axb4 20. axb4 Qe7 21. Nf3 Rc8 22. Nxe5 Nxe5 23. Bxe5 Rxc4 24. Qd3 Rxh5 25. Bxd4 Rh4 26. Be3 Nd7 27. Ra1 Qxb4+ 28. Bd2 Qc5 29. Ra8+ Ke7 30. 0-0 g4 31. Qg3 Rh7 32. Be3 Qh5 33. Rd1 gxh3 34. Qd6+ Kf6 35. Bd4+ Ne5 36. Qd8+ Kg7 37. Qg8+ Kf6 38. Qd8+ Kf5 39. e4+ Kg4 40. f3+ Nxf3+ 41. Bxf3+ Kxf3 42. Rd3+ Kg4 43. Rg3+ Kxg3 44. Qd6+ Kg4 45. Rg8+ Qg5 46. Rxg5+ Kxg5 47. Qg3+ Kh5 48. Be3 f6 49. Qf2 Rxe4 50. Bf4 Rg7+ 51. Kh1 Bd5 52. Qf3+ Rg4 53. Kh2 Rd4 54. Qe2 Rdxf4 55. Qe8+ Kg5 0-1